000 00385nam a2200169Ia 4500
100 _aGarg/Kum Kum
650 _aMobile computing
942 _cBK
366 _f25
654 _amobile computing
245 _aMobile computing:Theory and practice
260 _bPearson Education
_c2003
082 _a621.382
_bGAR
300 _a528
546 _aENGLISH
_cPAMPHALETS
999 _c24706
_d24706